Hashtag : english starter 1 /

Guardado en:
Autor Principal: Fiaes Bicalho, Mónica.
Formato: Libro
Idioma:Undetermined
Publicado: México : Pearson, 2023.
Edición:1a ed.
Materias:
Etiquetas: Agregar Etiqueta
Sin Etiquetas, Sea el primero en etiquetar este registro!
LEADER 00561nam a22001935a 4500
001 CEM.cems024686
008 250617s2023####mx############000#0#und#d
005 20250617111252.0
245 1 0 |a Hashtag :  |b english starter 1 /  |c Monica Fiaes Bicalho. 
250 |a 1a ed. 
260 |a México :  |b Pearson,  |c 2023. 
300 |a 112 p. ;  |c 22 cm. 
500 |a Language Booster. 
020 |a 9786073256766 
100 1 |a Fiaes Bicalho, Mónica. 
082 0 4 |a 428.64 
653 |a Inglés 
653 |a Manual Inglés 
859 |a CEMS  |b BIB. CEMS - Agricultura  |h 468.64  |i F44  |p A3878.25  |t Ej.1